各声母最西端的中国城市 - Statistics

General Stats
  • This quiz has been taken 10 times
  • The average score is 68 of 119
Answer Stats
声母 东经 省级行政区 城市 % Correct
p 101 云南省 普洱市
80%
p 104 四川省 彭州市
80%
d 94.7 甘肃省 敦煌市
80%
d 97.4 青海省 德令哈市
80%
t 83 新疆维吾尔自治区 塔城市
80%
t 89.2 新疆维吾尔自治区 吐鲁番市
80%
n 92.1 西藏自治区 那曲市
80%
l 91.1 西藏自治区 拉萨市
80%
l 94.4 西藏自治区 林芝市
80%
g 94.9 青海省 格尔木市
80%
h 102.1 青海省 海东市
80%
j 98.3 甘肃省 嘉峪关市
80%
j 98.5 甘肃省 酒泉市
80%
j 102.2 甘肃省 金昌市
80%
x 101.8 青海省 西宁市
80%
zh 100.5 甘肃省 张掖市
80%
zh 105.2 宁夏回族自治区 中卫市
80%
sh 86.1 新疆维吾尔自治区 石河子市
80%
r 88.9 西藏自治区 日喀则市
80%
y 97 甘肃省 玉门市
80%
b 82 新疆维吾尔自治区 博乐市
70%
b 99.2 云南省 保山市
70%
p 101.7 四川省 攀枝花市
70%
m 90.9 青海省 茫崖市
70%
d 104.4 四川省 德阳市
70%
t 79.1 新疆维吾尔自治区 图木舒克市
70%
t 98.5 云南省 腾冲市
70%
n 105.1 四川省 内江市
70%
n 106.1 四川省 南充市
70%
l 100.2 云南省 丽江市
70%
k 76 新疆维吾尔自治区 喀什市
70%
k 84.9 新疆维吾尔自治区 克拉玛依市
70%
h 79.9 新疆维吾尔自治区 和田市
70%
h 84.8 新疆维吾尔自治区 胡杨河市
70%
h 93.5 新疆维吾尔自治区 哈密市
70%
q 103.8 云南省 曲靖市
70%
x 93.7 新疆维吾尔自治区 新星市
70%
zh 110.4 广东省 湛江市
70%
ch 87.3 新疆维吾尔自治区 昌吉市
70%
ch 97.2 西藏自治区 昌都市
70%
sh 91.8 西藏自治区 山南市
70%
r 97.9 云南省 瑞丽市
70%
s 111.7 海南省 三沙市
70%
y 81.3 新疆维吾尔自治区 伊宁市
70%
w 87.5 新疆维吾尔自治区 五家渠市
70%
w 87.6 新疆维吾尔自治区 乌鲁木齐市
70%
韵母 76.2 新疆维吾尔自治区 阿图什市
70%
韵母 80.3 新疆维吾尔自治区 阿克苏市
70%
韵母 81.3 新疆维吾尔自治区 阿拉尔市
70%
韵母 82.6 新疆维吾尔自治区 阿拉山口市
70%
b 87.8 新疆维吾尔自治区 北屯市
60%
p 106.7 甘肃省 平凉市
60%
m 94.2 西藏自治区 米林市
60%
t 85.7 新疆维吾尔自治区 铁门关市
60%
n 108.4 广西壮族自治区 南宁市
60%
n 112.5 河南省 南阳市
60%
g 106.2 宁夏回族自治区 固原市
60%
k 81 新疆维吾尔自治区 可克达拉市
60%
h 80.4 新疆维吾尔自治区 霍尔果斯市
60%
q 106 贵州省 黔西市
60%
q 106.1 宁夏回族自治区 青铜峡市
60%
x 99.7 云南省 香格里拉市
60%
c 92 西藏自治区 错那市
60%
c 116.8 河北省 沧州市
60%
c 121.3 浙江省 慈溪市
60%
s 109.5 海南省 三亚市
60%
s 111.2 河南省 三门峡市
60%
y 97 青海省 玉树市
60%
w 102.6 甘肃省 武威市
60%
韵母 88.1 新疆维吾尔自治区 阿勒泰市
60%
b 82.9 新疆维吾尔自治区 白杨市
50%
b 104.1 甘肃省 白银市
50%
p 104.5 贵州省 盘州市
50%
m 98.6 云南省 芒市
50%
m 102.2 四川省 马尔康市
50%
f 88 新疆维吾尔自治区 阜康市
50%
d 100.3 云南省 大理市
50%
d 103.6 四川省 都江堰市
50%
l 98.9 云南省 泸水市
50%
l 100.1 云南省 临沧市
50%
k 79.3 新疆维吾尔自治区 昆玉市
50%
zh 103.7 云南省 昭通市
50%
ch 101.5 云南省 楚雄市
50%
sh 82.4 新疆维吾尔自治区 双河市
50%
sh 85.6 新疆维吾尔自治区 沙湾市
50%
z 104.6 四川省 资阳市
50%
z 104.8 四川省 自贡市
50%
y 103 四川省 雅安市
50%
w 84.7 新疆维吾尔自治区 乌苏市
50%
w 104.2 云南省 文山市
50%
m 103.4 云南省 蒙自市
40%
f 108.4 广西壮族自治区 防城港市
40%
g 103.2 云南省 个旧市
40%
k 83 新疆维吾尔自治区 库车市
40%
j 100.8 云南省 景洪市
40%
q 103.5 四川省 邛崃市
40%
x 102.3 四川省 西昌市
40%
zh 110.5 湖南省 张家界市
40%
ch 103.7 四川省 崇州市
40%
r 112.8 河南省 汝州市
40%
s 105.6 四川省 遂宁市
40%
y 102.6 云南省 玉溪市
40%
f 111.8 山西省 汾阳市
30%
g 104.3 四川省 广汉市
30%
g 105.9 四川省 广元市
30%
x 104.1 云南省 宣威市
30%
z 106.9 贵州省 遵义市
30%
c 111 广西壮族自治区 岑溪市
30%
s 111.8 湖北省 松滋市
30%
f 107.5 贵州省 福泉市
20%
f 113.1 内蒙古自治区 丰镇市
20%
j 104.5 四川省 简阳市
20%
q 106.5 贵州省 清镇市
20%
ch 102.9 云南省 澄江市
20%
r 106.4 贵州省 仁怀市
20%
z 109.7 陕西省 子长市
20%
z 112.8 湖北省 枣阳市
20%
r 115.7 江西省 瑞昌市
10%
sh 104.2 四川省 什邡市
0%
No matching quizzes found
Score Distribution
Percent of People with Each Score
Percentile by Number Answered
Your Score History
You have not taken this quiz